Priemysel 4.0 a jeho vplyv na vývoj hospodárstva SR diplomová práca

Guardado en:
Detalles Bibliográficos
Autor principal: Babocký, Roman
Autor Corporativo: Národohospodárska fakulta EU. Katedra hospodárskej politiky
Otros Autores: Majzlíková, Erika, 1993-
Formato: Libro
Lenguaje:eslovaco
Publicado: Bratislava 2021
Etiquetas: Agregar Etiqueta
Sin Etiquetas, Sea el primero en etiquetar este registro!

MARC

LEADER 00000nbm a2200000 4500
001 0274136
005 20220121090609.4
041 0 |a slo 
044 |a SK 
245 1 0 |a Priemysel 4.0 a jeho vplyv na vývoj hospodárstva SR  |b diplomová práca  |c Roman Babocký ; školiteľ: Erika Majzlíková 
264 1 |a Bratislava  |c 2021 
300 |a 56 s. 
100 1 |a Babocký, Roman 
700 1 |a Majzlíková, Erika, 1993- 
710 2 |a Národohospodárska fakulta EU. Katedra hospodárskej politiky